[Event "3. Copenhagen Open Politiken Cup"]
[Site "Brndby"]
[Date "1981.??.??"]
[Round "5"]
[White "Bjerring, Kai"]
[Black "Petursson, Margeir"]
[Result "0-1"]
[WhiteElo "2325"]
[BlackElo "2445"]
[PlyCount "80"]
[EventDate "1981.??.??"]
[EventType "swiss"]
[EventRounds "10"]
[EventCountry "DEN"]
[SourceDate "2004.01.01"]

1. e4 c5 2. Nf3 d6 3. d4 cxd4 4. Nxd4 Nf6 5. Nc3 g6 6. Be3 Bg7 7. Qd2 Ng4 8.
Bg5 Nc6 9. Nb3 O-O 10. f3 Nf6 11. Bh6 Be6 12. O-O-O a5 13. a4 Bxh6 14. Qxh6 Qb6
15. Bb5 Rfc8 16. Kb1 Na7 17. h4 Rxc3 18. bxc3 Nxb5 19. axb5 Qxb5 20. Qg5 Qb6
21. Ka1 Bxb3 22. cxb3 Qxb3 23. Qc1 Qa4+ 24. Kb1 Ra6 25. Qb2 Nd7 26. Rd4 Qc6 27.
Kc2 Nc5 28. h5 b5 29. hxg6 fxg6 30. Qa2+ e6 31. Rhd1 Qc7 32. Kd2 Kg7 33. Ke3 e5
34. R4d2 Na4 35. Rc1 Nxc3 36. Qb3 Qc5+ 37. Kd3 b4 38. Rh1 Ra7 39. Qc4 Qb6 40.
Qe6 Rc7 0-1

[Event "3. Copenhagen Open Politiken Cup"]
[Site "Brndby"]
[Date "1981.??.??"]
[Round "5"]
[White "Brinck Claussen, Bjorn"]
[Black "Radulov, Ivan"]
[Result "1/2-1/2"]
[WhiteElo "2375"]
[BlackElo "2460"]
[PlyCount "26"]
[EventDate "1981.??.??"]
[EventType "swiss"]
[EventRounds "10"]
[EventCountry "DEN"]
[SourceDate "2004.01.01"]

1. d4 Nf6 2. c4 e6 3. Nc3 d5 4. Bg5 Be7 5. e3 O-O 6. Rc1 Nbd7 7. Nf3 b6 8. cxd5
exd5 9. Bb5 Bb7 10. Qa4 a6 11. Bxd7 Nxd7 12. Bxe7 Qxe7 13. b4 b5 1/2-1/2

[Event "3. Copenhagen Open Politiken Cup"]
[Site "Brndby"]
[Date "1981.??.??"]
[Round "5"]
[White "Brondum, Eric"]
[Black "Schneider, Lars Ake"]
[Result "0-1"]
[WhiteElo "2460"]
[BlackElo "2410"]
[PlyCount "80"]
[EventDate "1981.??.??"]
[EventType "swiss"]
[EventRounds "10"]
[EventCountry "DEN"]
[SourceDate "2004.01.01"]

1. d4 Nf6 2. c4 e6 3. Nf3 b6 4. Nc3 Bb7 5. Bg5 h6 6. Bh4 g5 7. Bg3 Nh5 8. Be5
f6 9. Qc2 fxe5 10. Qg6+ Ke7 11. Qxh5 exd4 12. Nxd4 Bg7 13. e3 Nc6 14. Qg6 Qf8
15. Nxc6+ Bxc6 16. Qc2 Qf5 17. Qxf5 Bxc3+ 18. bxc3 exf5 19. O-O-O Raf8 20. f3
Kf6 21. Bd3 Re8 22. h4 Rxe3 23. hxg5+ Kxg5 24. Kd2 f4 25. Rdg1 h5 26. g3 Rxf3
27. gxf4+ Kxf4 28. Rh4+ Ke5 29. Rg5+ Kf6 30. Rg6+ Kf7 31. Rg5 Kf6 32. Rg6+ Kf7
33. Rg5 Rh6 34. Be2 Rf2 35. Ke3 Rg2 36. Bxh5+ Ke7 37. Rxg2 Bxg2 38. Kf4 Kd6 39.
Rh2 Bc6 40. Rd2+ Kc5 0-1

[Event "3. Copenhagen Open Politiken Cup"]
[Site "Brndby"]
[Date "1981.??.??"]
[Round "5"]
[White "Budde, Vladimir"]
[Black "Poulsen, Allan"]
[Result "1-0"]
[WhiteElo "2285"]
[BlackElo "2400"]
[PlyCount "85"]
[EventDate "1981.??.??"]
[EventType "swiss"]
[EventRounds "10"]
[EventCountry "DEN"]
[SourceDate "2004.01.01"]

1. Nf3 Nf6 2. c4 g6 3. d4 Bg7 4. Nc3 d5 5. e3 O-O 6. cxd5 Nxd5 7. Bc4 Nb6 8.
Bb3 Nc6 9. O-O e5 10. d5 Na5 11. e4 Nbc4 12. Qe2 Nd6 13. Bc2 c5 14. Be3 b6 15.
Nd2 Bd7 16. Bd3 f5 17. exf5 gxf5 18. f3 Qh4 19. Bf2 Qh5 20. Rfe1 Rae8 21. Nf1
c4 22. Bc2 Nab7 23. Qd2 Kh8 24. Re2 Rg8 25. Ng3 Qg6 26. Rae1 h5 27. Nf1 Bf6 28.
Bg3 Nf7 29. f4 e4 30. Rd1 Nc5 31. Ne3 b5 32. Rf1 Nd3 33. Ncd1 Nd6 34. b3 h4 35.
Be1 Qh6 36. Qa5 Qh5 37. Qc7 Nxf4 38. Rxf4 Qxe2 39. Rxh4+ Bxh4 40. Bxh4 Rxg2+
41. Nxg2 Qxc2 42. Bf6+ Kg8 43. Nge3 1-0

[Event "3. Copenhagen Open Politiken Cup"]
[Site "Brndby"]
[Date "1981.??.??"]
[Round "5"]
[White "Carlsson, Gerner"]
[Black "Nykopp, Jan Michael"]
[Result "1/2-1/2"]
[WhiteElo "2205"]
[BlackElo "2260"]
[PlyCount "95"]
[EventDate "1981.??.??"]
[EventType "swiss"]
[EventRounds "10"]
[EventCountry "DEN"]
[SourceDate "2004.01.01"]

1. d4 Nf6 2. c4 e6 3. Nf3 Bb4+ 4. Nbd2 O-O 5. g3 c5 6. Bg2 Nc6 7. dxc5 Bxc5 8.
O-O d5 9. Nb3 Bb6 10. cxd5 exd5 11. Nbd4 Re8 12. e3 Bg4 13. Nxc6 bxc6 14. h3
Bh5 15. b3 Ne4 16. Bb2 Nxf2 17. Rxf2 Bxe3 18. Bd4 Bxf2+ 19. Bxf2 Qd6 20. Rc1
Rac8 21. Qd2 c5 22. Qa5 Qb6 23. Rxc5 Qxa5 24. Rxa5 Rc1+ 25. Ne1 Rcxe1+ 26. Bxe1
Rxe1+ 27. Kf2 Re2+ 28. Kf1 Re7 29. g4 Bg6 30. Rxd5 h6 31. Rd8+ Kh7 32. Kf2 Rc7
33. Rd2 Rc3 34. Bf3 Bb1 35. Rb2 Bg6 36. Rd2 f5 37. gxf5 Bxf5 38. h4 Rc5 39. Kg3
Bb1 40. Rb2 Bd3 41. Rd2 Bg6 42. Rd5 Rc7 43. Ra5 Bb1 44. b4 Kg8 45. a4 Rc3 46.
Kg2 Rc2+ 47. Kg3 Rc3 48. Kg2 1/2-1/2

[Event "3. Copenhagen Open Politiken Cup"]
[Site "Brndby"]
[Date "1981.??.??"]
[Round "5"]
[White "Carlsson, Mats"]
[Black "Jasnikowski, Zbigniew"]
[Result "1-0"]
[WhiteElo "2255"]
[BlackElo "2380"]
[PlyCount "57"]
[EventDate "1981.??.??"]
[EventType "swiss"]
[EventRounds "10"]
[EventCountry "DEN"]
[SourceDate "2004.01.01"]

1. d4 Nf6 2. c4 g6 3. Nc3 Bg7 4. e4 d6 5. Be2 O-O 6. Nf3 e5 7. Be3 Nc6 8. d5
Ne7 9. Nd2 Nd7 10. b4 b6 11. a4 f5 12. f3 a5 13. bxa5 bxa5 14. Nb3 Nf6 15. c5
h6 16. Rc1 g5 17. Qc2 g4 18. Nb5 gxf3 19. gxf3 fxe4 20. fxe4 Bg4 21. Rg1 Bxe2
22. Qxe2 Nxe4 23. Qg4 Nf5 24. Qxe4 Nxe3 25. Qxe3 Qh4+ 26. Kd1 Rf2 27. Qg3 Qh5+
28. Qg4 Rf1+ 29. Ke2 1-0

[Event "3. Copenhagen Open Politiken Cup"]
[Site "Brndby"]
[Date "1981.??.??"]
[Round "5"]
[White "Ernst, Thomas"]
[Black "Plaskett, Jim"]
[Result "1-0"]
[WhiteElo "2295"]
[BlackElo "2405"]
[PlyCount "125"]
[EventDate "1981.??.??"]
[EventType "swiss"]
[EventRounds "10"]
[EventCountry "DEN"]
[SourceDate "2004.01.01"]

1. e4 c5 2. Nf3 d6 3. d4 cxd4 4. Nxd4 Nf6 5. Nc3 e6 6. g4 h6 7. h4 Be7 8. Bg2
Nc6 9. g5 hxg5 10. hxg5 Rxh1+ 11. Bxh1 Nh7 12. Nxc6 bxc6 13. Qh5 Nxg5 14. f4
Qb6 15. Ne2 Nxe4 16. Bxe4 Qb4+ 17. Nc3 d5 18. Bg2 Bf6 19. Qf3 Ba6 20. Bf1 Bh4+
21. Kd1 Bxf1 22. Qxf1 Rb8 23. Rb1 d4 24. Ne4 Rd8 25. b3 d3 26. c4 Qa5 27. a3
Qh5+ 28. Kd2 Rd4 29. Ke3 Rd8 30. c5 Be7 31. b4 e5 32. Nd6+ Bxd6 33. cxd6 Rxd6
34. Rb2 exf4+ 35. Qxf4 Kd7 36. Rf2 Re6+ 37. Kxd3 Qd1+ 38. Kc3 Kc8 39. Qd2 Qh5
40. Kb2 Qe5+ 41. Kb1 f6 42. Qc2 Kb7 43. Qf5 a5 44. bxa5 Qxf5+ 45. Rxf5 Re5 46.
Rf3 Rb5+ 47. Ka2 Rxa5 48. Rg3 g5 49. Rf3 Rc5 50. Kb2 Rb5+ 51. Kc2 Rc5+ 52. Kd1
Rd5+ 53. Ke2 Re5+ 54. Kd3 Rc5 55. Bd2 Rd5+ 56. Kc2 Rd6 57. Bc3 g4 58. Rf4 f5
59. Rxf5 Rg6 60. Bd4 g3 61. Rf7+ Ka6 62. a4 c5 63. Bxc5 1-0

[Event "3. Copenhagen Open Politiken Cup"]
[Site "Brndby"]
[Date "1981.??.??"]
[Round "5"]
[White "From, Sigfred"]
[Black "Hvenekilde, Jorgen"]
[Result "0-1"]
[WhiteElo "2225"]
[BlackElo "2275"]
[PlyCount "70"]
[EventDate "1981.??.??"]
[EventType "swiss"]
[EventRounds "10"]
[EventCountry "DEN"]
[SourceDate "2004.01.01"]

1. d4 Nf6 2. Nc3 d5 3. Bg5 e6 4. e4 Be7 5. e5 Nfd7 6. h4 c5 7. Bxe7 Qxe7 8. Nb5
O-O 9. Nc7 Nc6 10. Nxa8 cxd4 11. Nc7 f6 12. Qd2 fxe5 13. Nb5 a6 14. Na3 Nf6 15.
f3 e4 16. O-O-O b5 17. Nxb5 e3 18. Qe1 e5 19. Na3 Be6 20. Rd3 Nd7 21. Kb1 Nc5
22. Rb3 Nxb3 23. axb3 Nb4 24. Qd1 Qf6 25. Ne2 d3 26. cxd3 Nxd3 27. Rg1 Nf2 28.
Qe1 d4 29. Ng3 Qg6+ 30. Ne4 Nxe4 31. fxe4 Qxe4+ 32. Ka2 d3 33. g3 e2 34. Bg2
Qd4 35. Nb1 Qa4+ 0-1

[Event "3. Copenhagen Open Politiken Cup"]
[Site "Brndby"]
[Date "1981.??.??"]
[Round "5"]
[White "Fuglsang, Flemming"]
[Black "Jensen, Vagn"]
[Result "1/2-1/2"]
[WhiteElo "2200"]
[BlackElo "2235"]
[PlyCount "89"]
[EventDate "1981.??.??"]
[EventType "swiss"]
[EventRounds "10"]
[EventCountry "DEN"]
[SourceDate "2004.01.01"]

1. c4 f5 2. Nc3 Nf6 3. g3 g6 4. Bg2 Bg7 5. Nf3 d6 6. d4 O-O 7. O-O c6 8. b3 Na6
9. Bb2 Bd7 10. a3 Qe8 11. b4 e5 12. dxe5 dxe5 13. Qb3 e4 14. Ne1 Be6 15. Nc2 b5
16. Ne3 bxc4 17. Qc2 c5 18. b5 Nc7 19. a4 Rb8 20. Ba3 Nd7 21. Rab1 Bd4 22. Rfc1
g5 23. Ncd1 Ne5 24. Nf1 Nd7 25. Nd2 c3 26. Nxc3 e3 27. fxe3 Bxe3+ 28. Kh1 Qh5
29. Nd1 f4 30. Ne4 Bxc1 31. Rxc1 Bd5 32. g4 Qxg4 33. Ndf2 Qf5 34. Bb2 Ne6 35.
Bh3 Qg6 36. Qd3 Nb6 37. Rg1 Nd4 38. a5 Nc4 39. Bxd4 cxd4 40. Qxd4 Ne3 41. Be6+
Bxe6 42. Rxg5 Qxg5 43. Nxg5 Rxb5 44. h4 Bd5+ 45. Kh2 1/2-1/2

[Event "3. Copenhagen Open Politiken Cup"]
[Site "Brndby"]
[Date "1981.??.??"]
[Round "5"]
[White "Hartung Nielsen, Jens"]
[Black "Kovacs, Laszlo"]
[Result "1/2-1/2"]
[WhiteElo "2220"]
[BlackElo "2315"]
[PlyCount "59"]
[EventDate "1981.??.??"]
[EventType "swiss"]
[EventRounds "10"]
[EventCountry "DEN"]
[SourceDate "2004.01.01"]

1. d4 Nf6 2. Nf3 g6 3. c4 Bg7 4. Nc3 d6 5. e4 O-O 6. Be2 Nbd7 7. O-O e5 8. Be3
Re8 9. d5 Ng4 10. Bg5 f6 11. Bd2 f5 12. Ne1 Ndf6 13. f3 Nh6 14. Nd3 c5 15. Rb1
Nf7 16. a3 b6 17. b4 f4 18. bxc5 dxc5 19. a4 a5 20. Qb3 Ra6 21. g3 fxg3 22.
hxg3 Nh5 23. Kg2 Bh6 24. Qd1 Bxd2 25. Qxd2 Nd6 26. Nf2 Ra7 27. Nb5 Rf7 28. Rh1
Ref8 29. Qe3 Ne8 30. Nd3 1/2-1/2

[Event "3. Copenhagen Open Politiken Cup"]
[Site "Brndby"]
[Date "1981.??.??"]
[Round "5"]
[White "Jensen, Allan Astrup"]
[Black "Hansson, Dan"]
[Result "0-1"]
[WhiteElo "2225"]
[BlackElo "2330"]
[PlyCount "70"]
[EventDate "1981.??.??"]
[EventType "swiss"]
[EventRounds "10"]
[EventCountry "DEN"]
[SourceDate "2004.01.01"]

1. e4 c5 2. Nf3 d6 3. d4 cxd4 4. Nxd4 Nf6 5. Nc3 a6 6. Bc4 e6 7. Bb3 b5 8. O-O
Be7 9. Qf3 Qb6 10. Be3 Qb7 11. a3 O-O 12. Rae1 Bd7 13. Qg3 Nc6 14. f4 Nxd4 15.
Bxd4 Bc6 16. e5 dxe5 17. Bxe5 g6 18. f5 Bc5+ 19. Kh1 Nh5 20. Qg4 exf5 21. Rxf5
Bxg2+ 22. Qxg2 Qxg2+ 23. Kxg2 gxf5 24. Rf1 f4 25. Nd5 Rfe8 26. Bc3 Re2+ 27. Kh3
Rae8 28. Nxf4 Nxf4+ 29. Rxf4 R8e3+ 30. Kg4 Rg2+ 31. Kf5 Bd6 32. Rf1 Rxh2 33.
Rd1 Rf2+ 34. Kg4 Rg3+ 35. Kh4 Rh2# 0-1

[Event "3. Copenhagen Open Politiken Cup"]
[Site "Brndby"]
[Date "1981.??.??"]
[Round "5"]
[White "Krahenbuhl, Gerhard"]
[Black "Velikov, Petar"]
[Result "1/2-1/2"]
[WhiteElo "2305"]
[BlackElo "2445"]
[PlyCount "61"]
[EventDate "1981.??.??"]
[EventType "swiss"]
[EventRounds "10"]
[EventCountry "DEN"]
[SourceDate "2004.01.01"]

1. g3 d5 2. Bg2 Nf6 3. Nf3 Bf5 4. d3 e6 5. O-O h6 6. Nbd2 Be7 7. Re1 O-O 8. h3
Bh7 9. b3 c5 10. Bb2 Nc6 11. Ne5 Nxe5 12. Bxe5 Nd7 13. Bb2 Bf6 14. c3 Rc8 15.
a4 Ne5 16. Ra2 Nc6 17. Nf1 Qd7 18. Ba1 Rfd8 19. Rd2 d4 20. c4 Re8 21. e4 dxe3
22. fxe3 Bxa1 23. Qxa1 e5 24. e4 Qd4+ 25. Ne3 f6 26. Qd1 Rcd8 27. Kh2 Qd6 28.
h4 Nd4 29. Nd5 Bg6 30. Rf1 Bf7 31. Ne3 1/2-1/2

[Event "3. Copenhagen Open Politiken Cup"]
[Site "Brndby"]
[Date "1981.??.??"]
[Round "5"]
[White "Sahl, Bjarke"]
[Black "Sorensen, Bent"]
[Result "0-1"]
[WhiteElo "2345"]
[BlackElo "2285"]
[PlyCount "80"]
[EventDate "1981.??.??"]
[EventType "swiss"]
[EventRounds "10"]
[EventCountry "DEN"]
[SourceDate "2004.01.01"]

1. e4 e6 2. d4 d5 3. Nc3 Bb4 4. e5 c5 5. Bd2 Ne7 6. Nb5 Bxd2+ 7. Qxd2 O-O 8. c3
Bd7 9. Nf3 Qb6 10. Na3 Nbc6 11. Bd3 cxd4 12. cxd4 f6 13. exf6 Rxf6 14. O-O Be8
15. Rae1 Bg6 16. Re3 Nxd4 17. Ne5 Rd8 18. Rfe1 Bxd3 19. Rxd3 Nec6 20. Ng4 Rg6
21. h3 Rf8 22. b4 a6 23. Qe3 Qxb4 24. Rb1 Qe7 25. Kh1 Nf5 26. Qb6 Nd6 27. Nc2
h5 28. Nh2 Ne4 29. Nf3 Qc5 30. Qxc5 Nxc5 31. Re3 Rf4 32. Nce1 Ra4 33. a3 d4 34.
Re5 Nxe5 35. Nxe5 Rf6 36. Rb6 Rxa3 37. N1f3 Ne4 38. Rxb7 d3 39. Rd7 Ra1+ 40.
Kh2 h4 0-1

[Event "3. Copenhagen Open Politiken Cup"]
[Site "Brndby"]
[Date "1981.??.??"]
[Round "5"]
[White "Kristiansen, Tor"]
[Black "Farias, Sergio"]
[Result "0-1"]
[WhiteElo "2250"]
[BlackElo "2240"]
[PlyCount "54"]
[EventDate "1981.??.??"]
[EventType "swiss"]
[EventRounds "10"]
[EventCountry "DEN"]
[SourceDate "2004.01.01"]

1. c4 e5 2. Nc3 Nc6 3. Nf3 Nf6 4. g3 g6 5. Bg2 Bg7 6. d4 d6 7. dxe5 Nxe5 8.
Nxe5 dxe5 9. Qxd8+ Kxd8 10. Bg5 c6 11. O-O-O+ Kc7 12. f4 Ng4 13. Be7 Be6 14.
Bd6+ Kc8 15. Bc5 exf4 16. gxf4 Bh6 17. Rdf1 Bxc4 18. Ne4 Bxe2 19. Nd6+ Kc7 20.
Nxf7 Bxf1 21. Rxf1 Rhe8 22. h3 Bf8 23. hxg4 Bxc5 24. f5 gxf5 25. Rxf5 Re7 26.
Ne5 Rd8 27. Kc2 Bd6 0-1

[Event "3. Copenhagen Open Politiken Cup"]
[Site "Brndby"]
[Date "1981.??.??"]
[Round "5"]
[White "Laird, Craig"]
[Black "Hoi, Carsten"]
[Result "0-1"]
[WhiteElo "2305"]
[BlackElo "2425"]
[PlyCount "96"]
[EventDate "1981.??.??"]
[EventType "swiss"]
[EventRounds "10"]
[EventCountry "DEN"]
[SourceDate "2004.01.01"]

1. d4 d5 2. Nf3 Nf6 3. g3 e6 4. Bg2 Be7 5. O-O O-O 6. c4 c6 7. Qc2 Nbd7 8. Nbd2
b5 9. b3 Ba6 10. c5 b4 11. Re1 Bb5 12. Bb2 Qc7 13. Rad1 a5 14. e4 dxe4 15. Ng5
Bd3 16. Qc1 Rfd8 17. Ndxe4 Nxe4 18. Nxe4 Bxe4 19. Bxe4 Nf6 20. Bc2 Rd5 21. Qe3
Rad8 22. Qe2 R5d7 23. h4 Bf8 24. Kg2 g6 25. Qc4 Bg7 26. Bc1 Nd5 27. Bg5 Bf6 28.
Bxf6 Nxf6 29. Be4 Nxe4 30. Rxe4 Rd5 31. Rc1 Kg7 32. Rce1 Qd7 33. Qa6 Rxd4 34.
Rxd4 Qxd4 35. Qxc6 Rd5 36. Kh2 Qb2 37. Kg2 Rf5 38. Rf1 Qc2 39. Qd6 Qxc5 40.
Qxc5 Rxc5 41. a3 Rc3 42. axb4 axb4 43. Rb1 h5 44. Rb2 Kf6 45. Kf1 Kf5 46. Ke1
f6 47. Kf1 e5 48. Ke1 Ke4 0-1

[Event "3. Copenhagen Open Politiken Cup"]
[Site "Brndby"]
[Date "1981.??.??"]
[Round "5"]
[White "Mortensen, Erling"]
[Black "Wedberg, Tom"]
[Result "1/2-1/2"]
[WhiteElo "2375"]
[BlackElo "2420"]
[PlyCount "83"]
[EventDate "1981.??.??"]
[EventType "swiss"]
[EventRounds "10"]
[EventCountry "DEN"]
[SourceDate "2004.01.01"]

1. e4 e5 2. Nf3 Nc6 3. Bb5 Bc5 4. c3 f5 5. d4 fxe4 6. dxc5 exf3 7. Qxf3 Nf6 8.
O-O O-O 9. Bg5 Qe8 10. Nd2 d5 11. cxd6 cxd6 12. Qd3 Qh5 13. f4 exf4 14. Bxf4 d5
15. Bd6 Re8 16. Qg3 Bf5 17. h3 Ne4 18. Nxe4 Bxe4 19. Rf4 Re6 20. Rg4 Rg6 21.
Rxg6 Bxg6 22. Re1 Re8 23. Rxe8+ Bxe8 24. Qe3 a6 25. Be2 Qf7 26. Bf3 Bd7 27. Qf4
Be6 28. Qxf7+ Kxf7 29. b3 Kf6 30. Kf2 Ne5 31. Bd1 Bf5 32. Ke3 Nc6 33. b4 Ke6
34. Bf8 Kf7 35. Bc5 Ke6 36. a4 Be4 37. g3 Bf5 38. h4 Bb1 39. Bd4 Nxd4 40. Kxd4
Kd6 41. Bf3 Ba2 42. a5 1/2-1/2

[Event "3. Copenhagen Open Politiken Cup"]
[Site "Brndby"]
[Date "1981.??.??"]
[Round "5"]
[White "Nielsen, Jrgen"]
[Black "Moe, Mogens"]
[Result "1/2-1/2"]
[WhiteElo "2220"]
[BlackElo "2350"]
[PlyCount "80"]
[EventDate "1981.??.??"]
[EventType "swiss"]
[EventRounds "10"]
[EventCountry "DEN"]
[SourceDate "2004.01.01"]

1. e4 c5 2. Nf3 Nc6 3. Bb5 g6 4. O-O Bg7 5. Re1 a6 6. Bf1 d6 7. c3 Nf6 8. d4
cxd4 9. cxd4 Bg4 10. d5 Ne5 11. Nbd2 O-O 12. h3 Nxf3+ 13. Nxf3 Bd7 14. a4 b5
15. a5 e6 16. Be3 exd5 17. exd5 Bf5 18. Nd4 Qd7 19. Nc6 Rfe8 20. Re2 Nxd5 21.
Qxd5 Be4 22. Qb3 Bxc6 23. Rd1 Re6 24. Red2 Qe7 25. Qb4 Rxe3 26. fxe3 Qxe3+ 27.
Rf2 Be5 28. Rd3 Qc5 29. Qxc5 dxc5 30. Rfd2 Bd4+ 31. Rxd4 cxd4 32. Rxd4 Kf8 33.
g4 h6 34. Rd6 Rc8 35. Bg2 Bxg2 36. Kxg2 Rc2+ 37. Kf3 Rxb2 38. Rxa6 Rb3+ 39. Kg2
Kg7 40. Rb6 b4 1/2-1/2

[Event "3. Copenhagen Open Politiken Cup"]
[Site "Brndby"]
[Date "1981.??.??"]
[Round "5"]
[White "Nikolaiczuk, Lothar"]
[Black "Tjarnemo, Hakan"]
[Result "1-0"]
[WhiteElo "2280"]
[BlackElo "2235"]
[PlyCount "63"]
[EventDate "1981.??.??"]
[EventType "swiss"]
[EventRounds "10"]
[EventCountry "DEN"]
[SourceDate "2004.01.01"]

1. e4 e5 2. Nf3 Nf6 3. Nxe5 d6 4. Nf3 Nxe4 5. d4 d5 6. Bd3 Be7 7. O-O Nc6 8.
Re1 Bg4 9. c3 f5 10. Qb3 Qd6 11. Nfd2 O-O-O 12. f3 Bh4 13. Re2 Rhe8 14. Qd1 Bh5
15. Nf1 Qf6 16. Ne3 g5 17. Qf1 Qg6 18. g4 fxg4 19. fxg4 Rf8 20. Qg2 Qf6 21.
gxh5 Nxd4 22. cxd4 Qxd4 23. Bxe4 dxe4 24. Nc3 Rf3 25. Qg4+ Kb8 26. Qxe4 Qf6 27.
Ncd5 Qf7 28. Bd2 Rf8 29. Qe7 Qxh5 30. Qxc7+ Ka8 31. Qe5 a6 32. Bb4 1-0

[Event "3. Copenhagen Open Politiken Cup"]
[Site "Brndby"]
[Date "1981.??.??"]
[Round "5"]
[White "Pedersen, Jens Otto"]
[Black "McCambridge, Vincent"]
[Result "0-1"]
[WhiteElo "2230"]
[BlackElo "2335"]
[PlyCount "108"]
[EventDate "1981.??.??"]
[EventType "swiss"]
[EventRounds "10"]
[EventCountry "DEN"]
[SourceDate "2004.01.01"]

1. Nf3 c5 2. c4 g6 3. Nc3 Bg7 4. g3 Nc6 5. Bg2 e6 6. O-O Nge7 7. d3 d5 8. cxd5
exd5 9. Bg5 Be6 10. a3 h6 11. Bd2 O-O 12. Rb1 b6 13. b4 c4 14. dxc4 dxc4 15.
Qc1 Kh7 16. Rd1 Qc8 17. Ne4 Rd8 18. Bc3 Rxd1+ 19. Qxd1 Bf5 20. Nd4 Bxd4 21.
Bxd4 Bxe4 22. Bxe4 Qe6 23. Bxc6 Nxc6 24. b5 Nxd4 25. Qxd4 Qxe2 26. Qd5 Rf8 27.
Rc1 Qd3 28. Qxc4 Qxa3 29. Rd1 Kg8 30. Rd7 Qf3 31. Rxa7 Rd8 32. Ra1 Rd2 33. Rf1
Rb2 34. Qc6 Qxc6 35. bxc6 Rc2 36. Rd1 Rxc6 37. Rd8+ Kg7 38. Rb8 Re6 39. Kg2 f5
40. h4 h5 41. Kf3 Kf7 42. Kf4 Ke7 43. Kg5 Kd7 44. Rg8 b5 45. Rb8 Kc6 46. f3 Kc5
47. g4 fxg4 48. fxg4 hxg4 49. Kxg4 Rb6 50. Rc8+ Rc6 51. Re8 b4 52. Kg5 b3 53.
Re1 Kb4 54. Re4+ Ka3 0-1

[Event "3. Copenhagen Open Politiken Cup"]
[Site "Brndby"]
[Date "1981.??.??"]
[Round "5"]
[White "Pokojowczyk, Jerzy"]
[Black "Kirov, Nino"]
[Result "1/2-1/2"]
[WhiteElo "2390"]
[BlackElo "2475"]
[PlyCount "127"]
[EventDate "1981.??.??"]
[EventType "swiss"]
[EventRounds "10"]
[EventCountry "DEN"]
[SourceDate "2004.01.01"]

1. e4 c5 2. Nf3 e6 3. d4 cxd4 4. Nxd4 Nc6 5. Nb5 d6 6. c4 Nf6 7. N1c3 a6 8. Na3
Be7 9. Be2 b6 10. O-O Bb7 11. Be3 Ne5 12. f4 Ned7 13. Bf3 O-O 14. Re1 Rc8 15.
Rc1 Qc7 16. Bf2 Rfd8 17. Qe2 Qb8 18. Nab1 Bc6 19. b4 h6 20. Nd2 Re8 21. a3 b5
22. cxb5 axb5 23. Nb3 e5 24. Na5 Ba8 25. Nxb5 Rxc1 26. Rxc1 Bd8 27. Nc6 Bxc6
28. Rxc6 exf4 29. Rxd6 Re5 30. a4 Rxb5 31. Rxd7 Rxb4 32. Rd1 Bb6 33. e5 Bxf2+
34. Kxf2 Nh7 35. e6 Qb6+ 36. Kf1 Qxe6 37. Qxe6 fxe6 38. Ra1 Ng5 39. Bc6 Rb6 40.
Ba8 Ra6 41. Bb7 Ra5 42. Ke2 Kf8 43. Kd3 Ra7 44. Bc6 Ke7 45. Kc4 Nf7 46. a5 Ne5+
47. Kb5 Nxc6 48. Kxc6 g5 49. a6 g4 50. Kb6 Ra8 51. a7 e5 52. Kb7 Rxa7+ 53. Kxa7
Ke6 54. Kb6 Kd5 55. Kb5 f3 56. gxf3 gxf3 57. Rd1+ Ke4 58. Kc5 f2 59. Kd6 Kf4
60. Rf1 Kf3 61. Kxe5 Kg2 62. Rxf2+ Kxf2 63. Kf5 Ke3 64. Kg6 1/2-1/2

[Event "3. Copenhagen Open Politiken Cup"]
[Site "Brndby"]
[Date "1981.??.??"]
[Round "5"]
[White "Ravikumar, Vaidyanathan"]
[Black "Jansa, Vlastimil"]
[Result "0-1"]
[WhiteElo "2325"]
[BlackElo "2460"]
[PlyCount "80"]
[EventDate "1981.??.??"]
[EventType "swiss"]
[EventRounds "10"]
[EventCountry "DEN"]
[SourceDate "2004.01.01"]

1. c4 Nf6 2. Nc3 c5 3. g3 e6 4. Bg2 d5 5. Nf3 d4 6. Nb1 Nc6 7. d3 e5 8. O-O h6
9. e3 Bd6 10. Na3 O-O 11. Nc2 a5 12. e4 Ne8 13. Nh4 Qf6 14. f4 exf4 15. Bxf4
Bxf4 16. Rxf4 Qg5 17. Nf5 Ne5 18. Qd2 Bxf5 19. exf5 Nd6 20. Raf1 Rfe8 21. Qd1
Qf6 22. R4f2 Re7 23. a4 Rae8 24. b3 Nc8 25. h4 Na7 26. Be4 Nc8 27. Kh2 Nd6 28.
Bd5 Nc6 29. Bxc6 bxc6 30. Kh3 Re5 31. g4 Qd8 32. f6 g6 33. Qd2 Kh7 34. Rf3 R8e6
35. Na3 Ne8 36. g5 Nd6 37. Nb1 Nf5 38. Rxf5 gxf5 39. Qd1 Re3+ 40. Kg2 Qd6 0-1

[Event "3. Copenhagen Open Politiken Cup"]
[Site "Brndby"]
[Date "1981.??.??"]
[Round "5"]
[White "Reinert, Mads"]
[Black "Bednarski, Jacek"]
[Result "0-1"]
[WhiteElo "2215"]
[BlackElo "2380"]
[PlyCount "60"]
[EventDate "1981.??.??"]
[EventType "swiss"]
[EventRounds "10"]
[EventCountry "DEN"]
[SourceDate "2004.01.01"]

1. e4 e6 2. d4 d5 3. Nc3 Nf6 4. e5 Nfd7 5. f4 c5 6. Nf3 Nc6 7. Be3 cxd4 8. Nxd4
Nb6 9. Bb5 Bd7 10. O-O g6 11. Kh1 Rc8 12. Rf3 a6 13. Be2 Nc4 14. Bxc4 Nxd4 15.
Bxd4 Rxc4 16. Nxd5 Be7 17. Bb6 Qb8 18. Nxe7 Kxe7 19. Rd3 Bc6 20. Qg4 Qxe5 21.
Qh4+ g5 22. fxe5 gxh4 23. Kg1 Rxc2 24. Kf1 f5 25. exf6+ Kf7 26. Rh3 Rg8 27. g3
Rg6 28. Rxh4 Rxf6+ 29. Rf4 Rxf4+ 30. gxf4 Rxb2 0-1

[Event "3. Copenhagen Open Politiken Cup"]
[Site "Brndby"]
[Date "1981.??.??"]
[Round "5"]
[White "Rosenlund, Thorbjorn"]
[Black "Scheeren, Peter"]
[Result "0-1"]
[WhiteElo "2305"]
[BlackElo "2415"]
[PlyCount "99"]
[EventDate "1981.??.??"]
[EventType "swiss"]
[EventRounds "10"]
[EventCountry "DEN"]
[SourceDate "2004.01.01"]

1. d4 Nf6 2. Nf3 e6 3. e3 b6 4. Bd3 Bb7 5. Nbd2 d5 6. O-O Nbd7 7. c4 Be7 8. Qc2
dxc4 9. Bxc4 O-O 10. e4 c5 11. e5 Nd5 12. Ne4 Nb4 13. Qe2 cxd4 14. Rd1 d3 15.
Bxd3 Nxd3 16. Qxd3 Nxe5 17. Nxe5 Qxd3 18. Nxd3 Bxe4 19. f3 Bd5 20. Be3 Rfd8 21.
b3 Rac8 22. Rd2 Bf6 23. Rad1 Bc3 24. Rc2 Bb7 25. Nf2 Rxd1+ 26. Nxd1 Bf6 27. Rd2
Rd8 28. Rxd8+ Bxd8 29. Nc3 Bc6 30. a4 Be7 31. a5 Bc5 32. Bxc5 bxc5 33. Kf2 Kf8
34. Ke3 Ke7 35. Kd3 Kd6 36. Kc4 a6 37. Nd1 Bd5+ 38. Kc3 Kc6 39. b4 Kb5 40. bxc5
Kxc5 41. Ne3 e5 42. Nc2 Kb5 43. Nb4 Be6 44. g3 f6 45. f4 exf4 46. gxf4 Kxa5 47.
Nc6+ Kb6 48. Nd4 Ba2 49. h4 Kc5 50. f5 0-1

[Event "3. Copenhagen Open Politiken Cup"]
[Site "Brndby"]
[Date "1981.??.??"]
[Round "5"]
[White "Sjoberg, Mats"]
[Black "Akesson, Ralf"]
[Result "0-1"]
[WhiteElo "2230"]
[BlackElo "2305"]
[PlyCount "114"]
[EventDate "1981.??.??"]
[EventType "swiss"]
[EventRounds "10"]
[EventCountry "DEN"]
[SourceDate "2004.01.01"]

1. d4 f5 2. g3 Nf6 3. Bg2 g6 4. Nf3 Bg7 5. O-O O-O 6. b3 d6 7. Bb2 a5 8. a3 Qe8
9. c4 c6 10. Nbd2 Nbd7 11. Re1 e5 12. e4 f4 13. Qc2 fxg3 14. hxg3 Ng4 15. dxe5
dxe5 16. c5 g5 17. Re2 Qh5 18. Nf1 b6 19. cxb6 Ba6 20. Rd2 Bxf1 21. Kxf1 Nxb6
22. Kg1 Rf6 23. Qc5 Raf8 24. Qxb6 Rxf3 25. Bxf3 Qh2+ 26. Kf1 Rxf3 27. Re1 Qh3+
28. Ke2 Rxf2+ 29. Kd1 Qxg3 30. Kc1 Rxd2 31. Kxd2 Nh2 32. Re2 Nf3+ 33. Kc2 Ne1+
34. Kd1 Nd3 35. Qd8+ Kf7 36. Qd7+ Kg6 37. Qf5+ Kh6 38. Qf1 Qg4 39. Kc2 Nf4 40.
Rh2+ Kg6 41. Bc1 h5 42. Qa6 h4 43. Bxf4 exf4 44. Qxc6+ Kh7 45. Qe8 Qf3 46. Rd2
Qc3+ 47. Kd1 Qxb3+ 48. Ke1 Qe3+ 49. Kd1 Qb3+ 50. Ke1 Qe3+ 51. Kd1 Qf3+ 52. Kc2
h3 53. Rd6 Qc3+ 54. Kd1 Qb3+ 55. Ke1 Qb1+ 56. Ke2 f3+ 57. Kxf3 Qf1+ 0-1